Manual d'arxivística i gestió documental / Ramon Alberch i Fugueras, ... [et al.] ; introducció a càrrec de Joan Boadas i Raset ; coordinadores: Emília Capell i Garriga, Mariona Corominas i Noguera Emília Capell i Garriga, Mariona Corominas i Noguera
MARC
| LEADER | 00000nam a2200000Ia 4500 | ||
|---|---|---|---|
| 001 | 21989 | ||
| 008 | 160829s2009 xx 000 0 cat d | ||
| 020 | |a 978-84-922482-9-2 | ||
| 080 | |a A-2-382 | ||
| 245 | |a Manual d'arxivística i gestió documental / Ramon Alberch i Fugueras, ... [et al.] ; introducció a càrrec de Joan Boadas i Raset ; coordinadores: |b Emília Capell i Garriga, Mariona Corominas i Noguera | ||
| 260 | |a Barcelona : |b Associació d'Arxivers de Catalunya, |c 2009 | ||
| 300 | |a 543 p. ; |c 24 cm | ||
| 590 | |a Hi ha un duplicat a: DUP-311 | ||
| 650 | |a Arxivística |x Manuals, guies, etc. |9 28650 | ||
| 650 | |a Gestió dels documents |x Manuals, guies, etc. |9 28651 | ||
| 700 | |a Alberch i Fugueras, Ramon, |d 1951- |9 22280 | ||
| 700 | 1 | |a Boadas i Raset, Joan |9 26651 | |
| 700 | |a Capell, Emília, coord. I |9 28653 | ||
| 700 | |a Corominas i Noguera, Mariona, coord. |9 28654 | ||
| 710 | 2 | |a Associació d'Arxivers de Catalunya |9 52966 | |
| 901 | |a Arxiu | ||
| 942 | |n 1 | ||
| 952 | |0 0 |1 0 |4 0 |6 A2382 |7 1 |9 44898 |a Arxiu |b Arxiu |d 2016-12-01 |l 0 |o A-2-382 |p 21989 |r 2016-12-01 00:00:00 |w 2016-12-01 |y ARXIU | ||
| 999 | |c 47496 |d 47496 | ||